50 mal 50:50 – Allgemeinwissen - Statistiken

Allgemein
  • Dieses Quiz wurde 226 mal gespielt
  • Das Durchschnittsergebnis liegt bei 33 aus 50
Antwortstatistiken
Frage Antwort % Korrekt
Woraus bestehen die Buchstaben in einer Buchstabensuppe? Nudeln
91%
Wie nennt man ein spannendes Ende einer Serienfolge, das erst in der nächsten Episode aufgelöst wird? Cliffhanger
90%
Wie viele Punkte bekommt man bei dem gleichnamigen Würfelspiel für einen Kniffel? 50
89%
Welches Land wurde 2018 offiziell in "Eswatini" umbenannt? Swasiland
87%
Welche Schachfigur kann nur diagonal gezogen werden? Läufer
86%
Ein Tropfen wovon trübt redensartlich eine eigentlich erfreuliche Sache? Wermut
85%
In welcher Sprache zählt man bis 3 mit den Worten "yksi, kaksi, kolme"? Finnisch
83%
Der Micra ist ein von welcher Automarke hergestellter Kleinwagen? Nissan
83%
Wessen Motto lautet "Allzeit bereit"? Pfadfinder
83%
Nach wie vielen Jahren Ehe feiert man Goldene Hochzeit? 50
82%
Welche mathematische Konstante hat einen Wert von 2,718 (gerundet)? Eulersche Zahl
82%
Wie nennt man den Tatbestand der Verbreitung unwahrer Tatsachen über andere Personen? Verleumdung
81%
Wie nennt man einen von einer Pflanze abgetrennten Teil, aus dem man eine neue Pflanze züchtet? Ableger
80%
Wer war der erste römische Kaiser? Augustus
79%
Was bekämpft die Agentur WADA? Doping
79%
Die amerikanischen Jungferninseln in der Karibik waren bis 1917 eine Kolonie welches europäischen Landes? Dänemark
78%
Mit welchen Worten beginnt das aus der Augsburger Puppenkiste bekannte "Lummerlandlied"? Eine Insel mit zwei Bergen
75%
Wie hieß der französische Schauspieler und Komiker de Funès mit Vornamen? Louis
74%
Wie lautet die Telefonvorwahl von München? 089
73%
In welchem Jahr wurde der Tag der Deutschen Einheit zweimal gefeiert? 1990
73%
Welches chemische Element heißt auf Englisch und Französisch "Sodium"? Natrium
73%
In welcher Stadt spielte die Fernsehserie "Lindenstraße"? München
72%
Russisch Blau ist eine Rasse welcher Tierart? Katze
71%
Was wird mittels des Haber-Bosch-Verfahrens aus den Elementen Stickstoff und Wasserstoff hergestellt? Ammoniak
70%
Wer war 6 Jahre jünger als Ronald Reagan, wurde aber bereits 20 Jahre früher US-Präsident? John F. Kennedy
69%
In welcher Stadt wurde 1913 die erste U-Bahn auf der Südhalbkugel eröffnet? Buenos Aires
68%
Welche Weltmeisterschaften finden jedes Jahr im Crucible Theatre in Sheffield statt? Snooker
68%
Knoxville ist die drittgrößte Stadt in welchem US-Bundesstaat? Tennessee
66%
Welches Tier hat eine Tragzeit von etwa genau einem Jahr? Esel
64%
Welche britische Band veröffentlichte 1991 das Album "We Can't Dance"? Genesis
64%
Welches Bundesland regierte Malu Dreyer 11 Jahre lang als Ministerpräsidentin? Rheinland-Pfalz
61%
In welcher Oper singt die Königin der Nacht ihre bekannte Arie? Die Zauberflöte
60%
In welcher Einheit wird die Stromstärke angegeben? Ampere
59%
Welche beiden Personen sind in der Serie "Friends" Geschwister? Monica und Ross
59%
Wer war der bisher jüngste Tennisspieler, der Nr. 1 der ATP-Weltrangliste werden konnte? Carlos Alcaraz
58%
Wie heißt der Kettensägenmörder im Film "Texas Chainsaw Massacre"? Leatherface
55%
Die Note Ais klingt genau wie welche Note? B
53%
In welchem Land liegt die für ihre Tempelanlagen bekannte Stadt Baalbek? Libanon
53%
Bei welcher Sportart ist es laut Regeln verboten, einen Bart zu tragen? Boxen
52%
In welchem Roman von Stephen King tauchen Vampire auf? Brennen muss Salem
50%
Wer schrieb die meisten Songs des Duos Simon & Garfunkel? Paul Simon
49%
Bis zu welchem Stockmaß gilt ein Pferd als Pony? 148 cm
42%
Wofür steht das "Gr" auf der Computertaste "Alt Gr"? Graphic
42%
Welche Schauspielerin starb 1982 an ihrem 67. Geburtstag? Ingrid Bergman
42%
Wer heißt in Italien Topolino? Micky Maus
41%
Wer führte Regie bei "Club der toten Dichter" und "Truman Show"? Peter Weir
41%
Chicorée und Radicchio sind Kulturformen welcher Wildpflanze? Wegwarte
39%
Die Dallas Stars sind ein US-Team in welcher Sportart? Eishockey
38%
Welcher christliche Feiertag wird 60 Tage nach Ostern gefeiert? Fronleichnam
38%
Welcher Verein hat am häufigsten die Handball-Champions-League gewonnen? FC Barcelona
35%
Keine übereinstimmenden Quizze gefunden
Verteilung der Resultate
Anzahl Personen mit jedem Resultat
Perzentil nach korrekt beantworteten Fragen
Ihre Resultats-Entwicklung
Sie haben dieses Quiz noch nicht gespielt